[Event "Pere Noel"]
[Site "Montreal CAN"]
[Date "2008.12.29"]
[Round "4"]
[White "Jiang, Louie"]
[Black "Barbeau, Sylvain"]
[Result "0-1"]
[WhiteElo "2202"]
[BlackElo "2404"]
[PlyCount "148"]
[GameId "2160767910285934"]
[EventDate "2008.12.26"]
[EventType "swiss"]
[EventRounds "5"]
[EventCountry "CAN"]
[SourceTitle "EXT 2011"]
[Source "ChessBase"]
[SourceDate "2011.11.26"]
[SourceVersion "1"]
[SourceVersionDate "2011.11.26"]
[SourceQuality "1"]

1. e4 e5 2. Nf3 Nc6 3. Bb5 a6 4. Ba4 d6 5. c3 Bg4 6. d4 b5 7. Bb3 Nf6 8. d5 Ne7 9. Bc2 h6 10. h3 Bd7 11. Be3 c6 12. dxc6 Bxc6 13. Nbd2 Ng6 14. Qe2 Be7 15. O-O-O Qc7 16. Ne1 Qb7 17. f3 a5 18. g4 O-O 19. h4 Rfb8 20. Nd3 b4 21. c4 Nd7 22. g5 h5 23. f4 exf4 24. Nxf4 b3 25. axb3 a4 26. Qxh5 axb3 27. Bb1 Nde5 28. Nxg6 fxg6 29. Qe2 Rc8 30. Bd4 Nxc4 31. Nxc4 Bb5 32. Bd3 Ra4 33. Kd2 Bxc4 34. Rc1 d5 35. exd5 Qxd5 36. Qe5 Qxe5 37. Bxc4+ Rcxc4 38. Bxe5 Rxh4 39. Rxh4 Bxg5+ 40. Kc3 Rxh4 41. Rg1 Bf6 42. Bxf6 Rh3+ 43. Kd4 gxf6 44. Rxg6+ Kf7 45. Rg2 Ke6 46. Ke4 Rh4+ 47. Kf3 Kf5 48. Rd2 Ke5 49. Re2+ Kd5 50. Rf2 Rc4 51. Ke3 Ke5 52. Kd3 Rc6 53. Re2+ Kf5 54. Kd4 Rc2 55. Re1 Rf2 56. Kc4 Rf3 57. Re8 Kf4 58. Rb8 f5 59. Kd4 Kg3 60. Rg8+ Kf2 61. Rb8 Ke2 62. Rc8 Rd3+ 63. Ke5 Rd2 64. Kxf5 Rxb2 65. Ke4 Rc2 66. Rh8 Rc4+ 67. Kd5 Rb4 68. Kc5 Rb7 69. Kc6 b2 70. Rh2+ Kf3 71. Kxb7 b1=Q+ 72. Kc7 Qf5 73. Kc6 Qe6+ 74. Kb7 Qd7+ 0-1

[Event "Pere Noel"]
[Site "Montreal CAN"]
[Date "2008.12.29"]
[Round "4"]
[White "Lalonde, Paul"]
[Black "Rousseau, Daniel"]
[Result "1-0"]
[WhiteElo "1906"]
[BlackElo "2083"]
[PlyCount "81"]
[GameId "2160767910285936"]
[EventDate "2008.12.26"]
[EventType "swiss"]
[EventRounds "5"]
[EventCountry "CAN"]
[SourceTitle "FQE 06"]

1. d4 Nf6 2. c4 g6 3. Nc3 Bg7 4. e4 d6 5. f3 O-O 6. Be3 e5 7. Nge2 Nc6 8. Qd2 a6 9. d5 Na5 10. Ng3 c5 11. h4 h5 12. Bh6 b5 13. Bxg7 Kxg7 14. cxb5 axb5 15. Rc1 b4 16. Nd1 Ng8 17. Bd3 Qf6 18. Ne3 Ne7 19. Nef5+ Bxf5 20. exf5 Nxd5 21. Be4 Nf4 22. Bxa8 Rxa8 23. fxg6 Qxg6 24. Ne4 d5 25. g3 dxe4 26. gxf4 Qg3+ 27. Qf2 Qxf4 28. Rg1+ Kh6 29. Rxc5 exf3 30. Qd2 f2+ 31. Qxf2 Qe4+ 32. Qe2 Qxh4+ 33. Kf1 Qh3+ 34. Ke1 Qh4+ 35. Kf1 Rd8 36. Qe3+ Kh7 37. Qf3 f6 38. Rc7+ Kh8 39. Rgg7 e4 40. Rh7+ Kg8 41. Qg2+ 1-0

[Event "Pere Noel"]
[Site "Montreal CAN"]
[Date "2008.12.29"]
[Round "4"]
[White "Lopez Linares, Lizandro"]
[Black "Robichaud, Louis"]
[Result "0-1"]
[WhiteElo "1867"]
[BlackElo "2065"]
[PlyCount "58"]
[GameId "2160767910285937"]
[EventDate "2008.12.26"]
[EventType "swiss"]
[EventRounds "5"]
[EventCountry "CAN"]
[SourceTitle "EXT 2011"]
[Source "ChessBase"]
[SourceDate "2011.11.26"]
[SourceVersion "1"]
[SourceVersionDate "2011.11.26"]
[SourceQuality "1"]

1. d4 Nf6 2. Nf3 g6 3. Bf4 Bg7 4. e3 O-O 5. h3 d6 6. Be2 Nbd7 7. O-O Qe8 8. c4 e5 9. Bh2 Qe7 10. Nc3 e4 11. Nd2 c6 12. Qc2 Re8 13. b4 Nf8 14. c5 d5 15. b5 g5 16. Nb3 Ng6 17. Na5 Qe6 18. Rab1 Nh4 19. Rfc1 Nxg2 20. bxc6 bxc6 21. Nxc6 Nh4 22. Ne5 Qxh3 23. Bf1 Nf3+ 24. Nxf3 Qg4+ 25. Bg3 exf3 26. c6 Bf5 27. Bd3 Bxd3 28. Qxd3 Nh5 29. Kh2 Nxg3 0-1

[Event "Pere Noel"]
[Site "Montreal CAN"]
[Date "2008.12.29"]
[Round "4"]
[White "Morin, Louis"]
[Black "Samson, Gaetan"]
[Result "0-1"]
[WhiteElo "1960"]
[BlackElo "1780"]
[PlyCount "102"]
[GameId "2160767910285938"]
[EventDate "2008.12.26"]
[EventType "swiss"]
[EventRounds "5"]
[EventCountry "CAN"]

1. e4 c5 2. d4 cxd4 3. c3 d6 4. cxd4 Nf6 5. Nc3 g6 6. Be3 Bg7 7. f3 O-O 8. Qd2 Nc6 9. O-O-O a6 10. Kb1 b5 11. Bh6 Bd7 12. h4 Na5 13. h5 b4 14. Nd5 Nxd5 15. exd5 Bf5+ 16. Bd3 Bxd3+ 17. Qxd3 Bxh6 18. hxg6 Kg7 19. Ne2 hxg6 20. Rh3 Qd7 21. Rdh1 Rh8 22. g4 Qb5 23. Qxb5 axb5 24. b3 f5 25. gxf5 gxf5 26. Ng3 Kg6 27. Nh5 Kf7 28. Nf4 Bg7 29. Ne6 Rxh3 30. Rxh3 Rh8 31. Rg3 Bf6 32. Rg2 Nc6 33. Ng5+ Bxg5 34. dxc6 Bf6 35. d5 e6 36. dxe6+ Kxe6 37. Re2+ Kd5 38. c7 Rc8 39. Rc2 Bd4 40. a3 bxa3 41. b4 Ke6 42. Ka2 Kd7 43. Kxa3 Rxc7 44. Rd2 Be5 45. f4 Bxf4 46. Rd5 Bc1+ 47. Kb3 Ke6 48. Rxb5 f4 49. Rh5 f3 50. b5 f2 51. Rh1 Be3 0-1

[Event "Pere Noel"]
[Site "Montreal CAN"]
[Date "2008.12.29"]
[Round "4"]
[White "Plante, Michel"]
[Black "Arsenault, Nicolas"]
[Result "1-0"]
[WhiteElo "2040"]
[BlackElo "2252"]
[PlyCount "53"]
[GameId "2160767910285939"]
[EventDate "2008.12.26"]
[EventType "swiss"]
[EventRounds "5"]
[EventCountry "CAN"]
[SourceTitle "FQE 06"]

1. d4 Nf6 2. Nf3 e6 3. Nbd2 c5 4. e3 d5 5. b3 Nc6 6. Bb2 Be7 7. Bd3 O-O 8. O-O Bd7 9. a3 Rc8 10. Ne5 cxd4 11. exd4 Qb6 12. c3 Rfd8 13. Re1 Be8 14. Re3 g6 15. f4 Bf8 16. Rh3 Bg7 17. Kh1 h5 18. Qe2 a6 19. a4 Nxe5 20. fxe5 Ne4 21. Bc2 Nxd2 22. Qxd2 Qc7 23. Rf1 b5 24. axb5 Bxb5 25. Rff3 a5 26. Rfg3 Qe7 27. Rxh5 1-0

[Event "Pere Noel"]
[Site "Montreal CAN"]
[Date "2008.12.29"]
[Round "4"]
[White "Prahov, Valentin"]
[Black "Masse, Hugues"]
[Result "1/2-1/2"]
[WhiteElo "2186"]
[BlackElo "2257"]
[PlyCount "181"]
[GameId "2160767910285940"]
[EventDate "2008.12.26"]
[EventType "swiss"]
[EventRounds "5"]
[EventCountry "CAN"]
[SourceTitle "EXT 2011"]
[Source "ChessBase"]
[SourceDate "2011.11.26"]
[SourceVersion "1"]
[SourceVersionDate "2011.11.26"]
[SourceQuality "1"]

1. e4 e6 2. d4 d5 3. e5 c5 4. c3 Nc6 5. Nf3 Bd7 6. a3 f6 7. Bd3 fxe5 8. Nxe5 Nxe5 9. dxe5 g6 10. O-O Qc7 11. f4 c4 12. Bc2 Bc5+ 13. Kh1 Ne7 14. Nd2 O-O-O 15. Nf3 Nf5 16. Bxf5 gxf5 17. a4 Kb8 18. a5 Rhg8 19. Nd4 Rg6 20. Be3 Rdg8 21. Rf2 Ka8 22. b4 cxb3 23. Qxb3 Bxd4 24. Bxd4 Qc4 25. Rb1 Qxb3 26. Rxb3 R6g7 27. Rbb2 Rc8 28. Rf3 Be8 29. Rh3 Rc4 30. Ra2 Rgc7 31. Kg1 Bg6 32. Rh6 Rg7 33. h4 Rc6 34. Kh2 Kb8 35. Rb2 Ra6 36. Rb5 Be8 37. Rc5 b6 38. axb6 axb6 39. Rxe6 Bd7 40. Rd6 bxc5 41. Rxa6 cxd4 42. cxd4 Rg6 43. Rxg6 hxg6 44. h5 gxh5 45. Kg3 Kc7 46. Kh4 Kd8 47. Kxh5 Ke7 48. Kg6 Ke6 49. Kg7 Bb5 50. Kg6 Be8+ 51. Kg5 Bb5 52. g3 Be2 53. Kg6 Bg4 54. Kg7 Ke7 55. Kg6 Bh3 56. Kg7 Bf1 57. Kg6 Bd3 58. Kg7 Be2 59. Kg6 Bg4 60. Kg7 Bh5 61. Kh6 Be8 62. Kg5 Bd7 63. Kg6 Ke6 64. Kg7 Be8 65. Kf8 Bf7 66. Kg7 Ke7 67. Kh6 Be8 68. Kg5 Ke6 69. g4 fxg4 70. f5+ Ke7 71. Kxg4 Bb5 72. Kg5 Bd3 73. Kg6 Be4 74. Kg5 Kf7 75. Kf4 Bc2 76. Kg5 Bb1 77. Kf4 Bd3 78. Kg5 Bb5 79. Kf4 Ba6 80. Kg5 Bc8 81. Kf4 Bb7 82. Kg5 Bc8 83. Kf4 Ba6 84. Kg5 Bd3 85. Kf4 Kg7 86. Kg5 Kf7 87. Kf4 Be4 88. Kg5 Bd3 89. Kf4 Be4 90. Kg5 Bd3 91. Kf4 1/2-1/2

[Event "Pere Noel"]
[Site "Montreal CAN"]
[Date "2008.12.30"]
[Round "5"]
[White "Anastasovski, Nikola"]
[Black "Gelet, Seymour"]
[Result "1-0"]
[WhiteElo "2093"]
[BlackElo "1797"]
[PlyCount "43"]
[GameId "2160767910285941"]
[EventDate "2008.12.26"]
[EventType "swiss"]
[EventRounds "5"]
[EventCountry "CAN"]
[SourceTitle "FQE 06"]

1. e4 c5 2. c4 d6 3. Nc3 Nf6 4. g3 b6 5. Bg2 Bb7 6. d3 e6 7. Nge2 Be7 8. h3 Nbd7 9. Be3 a6 10. Qd2 Qc7 11. f4 h5 12. O-O Bc6 13. f5 Qb7 14. fxe6 fxe6 15. Nf4 Nf8 16. Qc2 e5 17. Nfd5 Nxd5 18. exd5 Bd7 19. Ne4 O-O-O 20. Rf7 Be8 21. Rxg7 Rd7 22. Rxe7 1-0

[Event "Pere Noel"]
[Site "Montreal CAN"]
[Date "2008.12.30"]
[Round "5"]
[White "Barbeau, Sylvain"]
[Black "Kovalyov, Anton"]
[Result "1/2-1/2"]
[WhiteElo "2404"]
[BlackElo "2571"]
[PlyCount "61"]
[GameId "2160767910285942"]
[EventDate "2008.12.26"]
[EventType "swiss"]
[EventRounds "5"]
[EventCountry "CAN"]
[SourceTitle "FQE 06"]

1. e4 c5 2. Nf3 d6 3. Bb5+ Nd7 4. d4 cxd4 5. Qxd4 a6 6. Bxd7+ Bxd7 7. O-O Rc8 8. Bg5 h6 9. Bh4 Nf6 10. Bxf6 gxf6 11. c4 e6 12. a4 b6 13. Nc3 Be7 14. Qd3 Qc7 15. b3 Qc5 16. Nd4 h5 17. Kh1 h4 18. f4 Rg8 19. Rad1 Qh5 20. Rd2 Rg3 21. Rf3 Rxf3 22. Qxf3 Qxf3 23. gxf3 Bf8 24. Kg2 Bh6 25. Nde2 Ke7 26. Kf2 Rc5 27. Rd3 Bc6 28. Rd1 Bb7 29. Rd3 f5 30. Rd1 Bg7 31. Nd4 1/2-1/2

[Event "Pere Noel"]
[Site "Montreal CAN"]
[Date "2008.12.30"]
[Round "5"]
[White "Leutschaft, Martin"]
[Black "Robichaud, Louis"]
[Result "0-1"]
[WhiteElo "2144"]
[BlackElo "2069"]
[PlyCount "63"]
[GameId "2160767910285944"]
[EventDate "2008.12.26"]
[EventType "swiss"]
[EventRounds "5"]
[EventCountry "CAN"]
[SourceTitle "FQE 06"]

1. d4 Nf6 2. Nf3 g6 3. Bg5 Bg7 4. Nbd2 h6 5. Bh4 d6 6. e4 O-O 7. Bd3 g5 8. Bg3 e6 9. O-O Nc6 10. c3 Nh5 11. Ne1 Nf4 12. Bxf4 gxf4 13. g3 e5 14. d5 Ne7 15. g4 c6 16. c4 Qb6 17. Rb1 a5 18. h3 Ng6 19. Ndf3 Bf6 20. Qd2 Qa7 21. Ng2 Kg7 22. Bc2 Be7 23. Qc3 Rh8 24. Nh2 h5 25. Bd1 hxg4 26. Nxg4 f5 27. exf5 Bxf5 28. Bc2 Bxc2 29. Qxc2 Rxh3 30. c5 Rah8 31. f3 cxd5 32. Nf2 0-1

[Event "Pere Noel"]
[Site "Montreal CAN"]
[Date "2008.12.30"]
[Round "5"]
[White "Masse, Hugues"]
[Black "Ibrahim, Anthony"]
[Result "1-0"]
[WhiteElo "2259"]
[BlackElo "2163"]
[PlyCount "89"]
[GameId "2160767910285945"]
[EventDate "2008.12.26"]
[EventType "swiss"]
[EventRounds "5"]
[EventCountry "CAN"]
[SourceTitle "FQE 06"]

1. d4 Nf6 2. c4 e6 3. Nc3 Bb4 4. Qc2 O-O 5. a3 Bxc3+ 6. Qxc3 b6 7. Bg5 Bb7 8. e3 d5 9. cxd5 Bxd5 10. f3 Nbd7 11. e4 Bb7 12. e5 h6 13. exf6 hxg5 14. fxg7 Kxg7 15. d5+ Qf6 16. dxe6 Qxc3+ 17. bxc3 Rfe8 18. O-O-O Nc5 19. exf7 Kxf7 20. Bc4+ Kf6 21. h4 Re3 22. hxg5+ Kxg5 23. Nh3+ Kf6 24. Kd2 Rae8 25. Nf2 R3e7 26. Rh6+ Kg5 27. Rdh1 Rd8+ 28. Kc1 Re1+ 29. Rxe1 Kxh6 30. Re7 Rd7 31. Rxd7 Nxd7 32. Kd2 Kg5 33. Ke3 Kf6 34. Ne4+ Kg6 35. f4 Bxe4 36. Kxe4 Kf6 37. g4 Nc5+ 38. Kd4 Na4 39. Bb3 Nc5 40. Bc2 Ne6+ 41. Ke4 Nc5+ 42. Kd5 Ne6 43. g5+ Ke7 44. Ke5 Nc5 45. f5 1-0

[Event "Pere Noel"]
[Site "Montreal CAN"]
[Date "2008.12.30"]
[Round "5"]
[White "Petit, Raymond"]
[Black "Forget, Luc"]
[Result "1/2-1/2"]
[WhiteElo "1845"]
[BlackElo "2132"]
[PlyCount "69"]
[GameId "2160767910285946"]
[EventDate "2008.12.26"]
[EventType "swiss"]
[EventRounds "5"]
[EventCountry "CAN"]
[SourceTitle "FQE 06"]

1. d4 Nf6 2. c4 e6 3. Nc3 Bb4 4. Bg5 h6 5. Bh4 c5 6. d5 d6 7. e3 Bxc3+ 8. bxc3 e5 9. f3 O-O 10. Bd3 Re8 11. Qc2 Qe7 12. Ne2 g5 13. Bg3 Nbd7 14. O-O Kg7 15. e4 Nf8 16. Be1 Ng6 17. Bd2 Bd7 18. Rab1 b6 19. a4 Reb8 20. Rb2 Qe8 21. Ra2 Ng8 22. a5 N8e7 23. axb6 Rxb6 24. Rfa1 Nc8 25. Qd1 Rab8 26. Bc1 Qd8 27. Bc2 Qc7 28. Ra5 R6b7 29. Ra6 Nb6 30. Qd3 Nxc4 31. Qxc4 Bb5 32. Qa2 Bxa6 33. Qxa6 Qb6 34. Qc4 Ne7 35. Ra6 1/2-1/2

[Event "Pere Noel"]
[Site "Montreal CAN"]
[Date "2008.12.30"]
[Round "5"]
[White "Ramaswamy, Kishor"]
[Black "Luksza, Arkadiusz"]
[Result "1-0"]
[WhiteElo "2170"]
[BlackElo "2228"]
[PlyCount "87"]
[GameId "2160767910285947"]
[EventDate "2008.12.26"]
[EventType "swiss"]
[EventRounds "5"]
[EventCountry "CAN"]
[SourceTitle "FQE 06"]

1. d4 e6 2. Nf3 f5 3. Nc3 Nf6 4. Bg5 Be7 5. Bxf6 Bxf6 6. e4 d5 7. exd5 exd5 8. Qe2+ Be7 9. Qe5 Nc6 10. Qxd5 Qxd5 11. Nxd5 Bd6 12. Bc4 Bd7 13. O-O O-O-O 14. Rfe1 Be8 15. c3 Bh5 16. Ne5 Bxe5 17. dxe5 Na5 18. Nf4 Nxc4 19. Nxh5 Nxb2 20. Nxg7 Nd3 21. Nxf5 Rhf8 22. g4 Rde8 23. e6 Nxe1 24. Rxe1 Rf6 25. e7 Rf7 26. Kg2 Kd7 27. Rd1+ Kc8 28. Kg3 b5 29. Rd5 a6 30. h3 Kb7 31. g5 Kb6 32. Kg4 a5 33. a3 c6 34. Rd7 Kc5 35. h4 b4 36. axb4+ axb4 37. cxb4+ Kxb4 38. h5 c5 39. g6 hxg6 40. hxg6 Rf6 41. Kg5 Rb6 42. Rd8 Rb8 43. Rxe8 Rxe8 44. Kf6 1-0

[Event "Pere Noel"]
[Site "Montreal CAN"]
[Date "2008.12.30"]
[Round "5"]
[White "Sambuev, Bator"]
[Black "Lalonde, Paul"]
[Result "1-0"]
[WhiteElo "2493"]
[BlackElo "1906"]
[PlyCount "65"]
[GameId "2160767910285948"]
[EventDate "2008.12.26"]
[EventType "swiss"]
[EventRounds "5"]
[EventCountry "CAN"]
[SourceTitle "FQE 06"]

1. Nf3 d5 2. c4 e6 3. d4 dxc4 4. e3 Nf6 5. Bxc4 c5 6. O-O Be7 7. Nc3 O-O 8. Qe2 a6 9. Rd1 Qc7 10. a4 cxd4 11. exd4 Nc6 12. Bg5 Bd7 13. d5 exd5 14. Bxf6 Bxf6 15. Nxd5 Qd8 16. Nxf6+ gxf6 17. Rd6 Qc7 18. Rxf6 Rae8 19. Qd2 Ne5 20. Nxe5 Qxe5 21. Rxf7 Rxf7 22. Bxf7+ Kxf7 23. Qxd7+ Re7 24. Qd2 Qe4 25. g3 Rc7 26. Re1 Qf5 27. Qd6 Rd7 28. Qe5 Qh3 29. Qe4 Kf6 30. b4 h5 31. a5 Kg7 32. Qe6 Qxe6 33. Rxe6 1-0

[Event "Pere Noel"]
[Site "Montreal CAN"]
[Date "2008.12.30"]
[Round "5"]
[White "Tessier, Olivier"]
[Black "Jiang, Louie"]
[Result "1-0"]
[WhiteElo "2201"]
[BlackElo "2202"]
[PlyCount "101"]
[GameId "2160767910285949"]
[EventDate "2008.12.26"]
[EventType "swiss"]
[EventRounds "5"]
[EventCountry "CAN"]
[SourceTitle "EXT 2011"]
[Source "ChessBase"]
[SourceDate "2011.11.26"]
[SourceVersion "1"]
[SourceVersionDate "2011.11.26"]
[SourceQuality "1"]

1. d4 Nf6 2. c4 e6 3. Nf3 d5 4. Nc3 c6 5. Bf4 dxc4 6. e3 Nd5 7. Bxc4 Nxf4 8. exf4 Bd6 9. Ne5 Nd7 10. O-O Nf6 11. g3 O-O 12. Qe2 a6 13. a4 Be7 14. Rfd1 Rb8 15. Rac1 Qe8 16. Ne4 g6 17. Bd3 Nd5 18. h4 Nb4 19. Bb1 b6 20. a5 bxa5 21. Nc5 Rb5 22. Be4 Bxc5 23. dxc5 Nd5 24. Nc4 Qe7 25. Nd6 Rxc5 26. Rxc5 Qxd6 27. Rxa5 Qb4 28. Raa1 Bb7 29. Bg2 c5 30. Qd2 Rc8 31. Rac1 Qb6 32. Rc4 Bc6 33. Rcc1 Ba4 34. Re1 Rd8 35. Bxd5 Rxd5 36. Qc3 Qd6 37. Re5 Bc6 38. Rxd5 Qxd5 39. f3 Qxf3 40. Qxf3 Bxf3 41. Kf2 Bc6 42. Rxc5 Bb5 43. g4 h6 44. Ke3 Kg7 45. g5 h5 46. Kd4 Be2 47. b4 Bb5 48. Ke5 Bd3 49. Kd6 Bb5 50. Ke7 Ba4 51. Rc8 1-0

[Event "Quebec op U1400"]
[Site "Montreal CAN"]
[Date "2008.07.19"]
[Round "1"]
[White "Aronowitz, Charles"]
[Black "Tot, David"]
[Result "1-0"]
[WhiteElo "1365"]
[BlackElo "1158"]
[PlyCount "91"]
[GameId "2160767910353570"]
[EventDate "2008.07.19"]
[EventType "swiss"]
[EventRounds "9"]
[EventCountry "CAN"]
[SourceTitle "EXT 2011"]
[Source "ChessBase"]
[SourceDate "2011.11.26"]
[SourceVersion "1"]
[SourceVersionDate "2011.11.26"]
[SourceQuality "1"]

1. d4 f5 2. Nf3 Nf6 3. e3 d5 4. Bd3 e6 5. Nbd2 Be7 6. O-O O-O 7. c4 Bd7 8. cxd5 exd5 9. Ne5 a6 10. Ndf3 h6 11. Qc2 c6 12. Nxd7 Nbxd7 13. Bxf5 Qc7 14. Be6+ Kh8 15. Bxd7 Qxd7 16. Ne5 Qe8 17. Ng6+ Kg8 18. Nxf8 Qxf8 19. Re1 Qc8 20. Qb3 Ne4 21. f3 Nf6 22. e4 Qd7 23. exd5 cxd5 24. Qe3 Bb4 25. Qe6+ Qxe6 26. Rxe6 Kf7 27. Re2 Rc8 28. Bd2 Bd6 29. Bc3 b5 30. a3 Rc4 31. Rae1 b4 32. axb4 Bxb4 33. Bxb4 Rxb4 34. Ra1 Rb6 35. Ra2 g5 36. Re3 Kg6 37. Rea3 Rb4 38. Rxa6 Rxd4 39. b3 h5 40. Rb2 h4 41. h3 Kf5 42. Kf2 Rd3 43. Ke2 Rc3 44. b4 Kf4 45. Rxf6+ Kg3 46. Kd1 1-0

[Event "Quebec op U1400"]
[Site "Montreal CAN"]
[Date "2008.07.20"]
[Round "2"]
[White "Bilodeau Savaria, Cendrina"]
[Black "Jorge, Ivan"]
[Result "0-1"]
[WhiteElo "976"]
[BlackElo "1347"]
[PlyCount "59"]
[GameId "2160767910353571"]
[EventDate "2008.07.19"]
[EventType "swiss"]
[EventRounds "9"]
[EventCountry "CAN"]
[SourceTitle "EXT 2011"]
[Source "ChessBase"]
[SourceDate "2011.11.26"]
[SourceVersion "1"]
[SourceVersionDate "2011.11.26"]
[SourceQuality "1"]

1. d4 d5 2. c4 dxc4 3. e3 Bf5 4. Bxc4 e6 5. Nc3 Nf6 6. Nf3 c6 7. O-O Nbd7 8. Bd2 Nb6 9. Be2 h6 10. a3 Be7 11. Rc1 O-O 12. b4 a6 13. Qb3 Rc8 14. Rfe1 Bd6 15. h3 Qe7 16. Bf1 Ne4 17. Nxe4 Bxe4 18. Be2 Qf6 19. Bc3 Nd5 20. Kh1 Rfe8 21. Kg1 Qg6 22. Qd1 a5 23. Bc4 Nxc3 24. Rxc3 axb4 25. axb4 Bxb4 26. Rc1 Bxe1 27. Nh4 Qf6 28. Qxe1 Qxh4 29. Qb4 Qe7 30. Qxb7 0-1

[Event "Quebec op U1400"]
[Site "Montreal CAN"]
[Date "2008.07.20"]
[Round "2"]
[White "Saint Onge, Joel"]
[Black "Aronowitz, Charles"]
[Result "0-1"]
[WhiteElo "1262"]
[BlackElo "1365"]
[PlyCount "82"]
[GameId "2160767910353572"]
[EventDate "2008.07.19"]
[EventType "swiss"]
[EventRounds "9"]
[EventCountry "CAN"]
[SourceTitle "EXT 2011"]
[Source "ChessBase"]
[SourceDate "2011.11.26"]
[SourceVersion "1"]
[SourceVersionDate "2011.11.26"]
[SourceQuality "1"]

1. d4 Nf6 2. Bg5 e6 3. e4 Be7 4. Bd3 d6 5. Nd2 Nbd7 6. f4 e5 7. fxe5 dxe5 8. Ngf3 exd4 9. Qe2 O-O 10. O-O c5 11. Rf2 Ng4 12. Bxe7 Qxe7 13. Rff1 Nge5 14. Rf2 a6 15. a4 b6 16. Raf1 Ng4 17. Nc4 Nxf2 18. Rxf2 b5 19. axb5 axb5 20. Ncd2 c4 21. Nxc4 bxc4 22. Bxc4 Ra1+ 23. Ne1 Qb4 24. Rf1 Ne5 25. Bd5 Ng4 26. Nd3 Rxf1+ 27. Qxf1 Qd6 28. g3 Ne3 29. Qf2 Nxd5 30. Qxd4 Rd8 31. exd5 Qxd5 32. Qxd5 Rxd5 33. Kf2 Bf5 34. Ke3 Bxd3 35. cxd3 Rb5 36. d4 Rxb2 37. Ke4 Rxh2 38. d5 Kf8 39. Ke5 Ke8 40. Kd6 Kd8 41. Kc6 Rg2 0-1

[Event "Quebec op U1400"]
[Site "Montreal CAN"]
[Date "2008.07.21"]
[Round "3"]
[White "Aronowitz, Charles"]
[Black "Hon, Ivan"]
[Result "1-0"]
[WhiteElo "1365"]
[BlackElo "1277"]
[PlyCount "95"]
[GameId "2160767910353573"]
[EventDate "2008.07.19"]
[EventType "swiss"]
[EventRounds "9"]
[EventCountry "CAN"]
[SourceTitle "EXT 2011"]
[Source "ChessBase"]
[SourceDate "2011.11.26"]
[SourceVersion "1"]
[SourceVersionDate "2011.11.26"]
[SourceQuality "1"]

1. d4 Nc6 2. Nf3 d5 3. e3 Bg4 4. Nbd2 e6 5. c3 Nf6 6. Bb5 a6 7. Bxc6+ bxc6 8. O-O Bd6 9. Qa4 Qd7 10. Ne5 Bxe5 11. dxe5 c5 12. Qf4 Be2 13. exf6 g5 14. Qxg5 Bxf1 15. Nxf1 O-O-O 16. Qf4 Rde8 17. b3 e5 18. Qf3 Qd6 19. e4 d4 20. Bh6 Kb8 21. Bg7 Rhg8 22. Rd1 Qb6 23. cxd4 cxd4 24. Qd3 Qa5 25. a4 Rd8 26. Nd2 Qc3 27. Nc4 Qxd3 28. Rxd3 Rge8 29. f3 Kb7 30. Kf2 Kc6 31. Na5+ Kb6 32. Nc4+ Kc6 33. g3 Kc5 34. g4 Rb8 35. Bh6 Rb4 36. Bd2 Rxc4 37. bxc4 Kxc4 38. Ke2 Re6 39. g5 c5 40. a5 Re8 41. h4 Rb8 42. Ra3 Rg8 43. Ra1 Kb5 44. Rb1+ Kc6 45. Rb6+ Kc7 46. Rxa6 Kb7 47. Rb6+ Kc7 48. Kd3 1-0

[Event "Quebec op U1400"]
[Site "Montreal CAN"]
[Date "2008.07.22"]
[Round "4"]
[White "Deroneth, Jacques"]
[Black "Aronowitz, Charles"]
[Result "1-0"]
[WhiteElo "1317"]
[BlackElo "1365"]
[PlyCount "59"]
[GameId "2160767910353574"]
[EventDate "2008.07.19"]
[EventType "swiss"]
[EventRounds "9"]
[EventCountry "CAN"]
[SourceTitle "EXT 2011"]
[Source "ChessBase"]
[SourceDate "2011.11.26"]
[SourceVersion "1"]
[SourceVersionDate "2011.11.26"]
[SourceQuality "1"]

1. e4 e5 2. Nf3 Nc6 3. Bb5 d6 4. d4 exd4 5. Nxd4 Bd7 6. Nxc6 bxc6 7. Bc4 Nf6 8. Nc3 Be7 9. O-O O-O 10. Kh1 Rb8 11. b3 Re8 12. f3 Qc8 13. Be3 Ra8 14. Qd2 Be6 15. Bd3 h6 16. f4 Ng4 17. Bg1 f5 18. h3 Nf6 19. e5 Nd7 20. Rae1 Bh4 21. Re2 dxe5 22. fxe5 Bg5 23. Qe1 Rf8 24. Qg3 Qd8 25. Qf3 c5 26. Qc6 Re8 27. Bxf5 Bxf5 28. Rxf5 Be7 29. Rd2 Nxe5 30. Qe6+ 1-0

[Event "Quebec op U1400"]
[Site "Montreal CAN"]
[Date "2008.07.23"]
[Round "5"]
[White "Aronowitz, Charles"]
[Black "Frangakis, Evan"]
[Result "1/2-1/2"]
[WhiteElo "1365"]
[BlackElo "1273"]
[PlyCount "75"]
[GameId "2160767910353575"]
[EventDate "2008.07.19"]
[EventType "swiss"]
[EventRounds "9"]
[EventCountry "CAN"]
[SourceTitle "EXT 2011"]
[Source "ChessBase"]
[SourceDate "2011.11.26"]
[SourceVersion "1"]
[SourceVersionDate "2011.11.26"]
[SourceQuality "1"]

1. d4 Nf6 2. Nf3 d5 3. e3 Bg4 4. Nbd2 e6 5. Bd3 c5 6. c3 c4 7. Bc2 Bd6 8. O-O Qc7 9. h3 Bh5 10. Qe1 O-O 11. e4 Bg6 12. Bb1 Bf4 13. e5 Bxb1 14. Rxb1 Nfd7 15. Qe2 Nc6 16. Re1 Rae8 17. Nf1 Bxc1 18. Rbxc1 f6 19. Ng3 fxe5 20. dxe5 Nc5 21. Rcd1 Nd3 22. Rxd3 cxd3 23. Qxd3 Qf7 24. Qc2 Ne7 25. Qd2 Qf4 26. Qc2 Ng6 27. Qe2 Nh4 28. Nd4 Nf5 29. Ngxf5 exf5 30. e6 Qe4 31. Qd2 Qh4 32. Re5 g6 33. Rxd5 Rd8 34. Re5 Qe7 35. f4 Rf6 36. Qe2 Rd6 37. g3 Kf8 38. Kg2 1/2-1/2

[Event "Quebec op U1400"]
[Site "Montreal CAN"]
[Date "2008.07.23"]
[Round "5"]
[White "Bond, Yvon"]
[Black "Bilodeau Savaria, Cendrina"]
[Result "0-1"]
[WhiteElo "1188"]
[BlackElo "976"]
[PlyCount "124"]
[GameId "2160767910353576"]
[EventDate "2008.07.19"]
[EventType "swiss"]
[EventRounds "9"]
[EventCountry "CAN"]
[SourceTitle "EXT 2011"]
[Source "ChessBase"]
[SourceDate "2011.11.26"]
[SourceVersion "1"]
[SourceVersionDate "2011.11.26"]
[SourceQuality "1"]

1. Nf3 Nf6 2. d4 g6 3. Nbd2 Bg7 4. e3 d6 5. Be2 O-O 6. c3 Nbd7 7. Nc4 b6 8. O-O Bb7 9. Re1 Re8 10. Bd3 e5 11. Bc2 e4 12. Ng5 h6 13. Nh3 d5 14. Nd2 c5 15. Bb3 c4 16. Bc2 b5 17. b3 Bc6 18. bxc4 bxc4 19. Ba4 Qc7 20. Bxc6 Qxc6 21. f3 Nb6 22. fxe4 Nxe4 23. Nxe4 Rxe4 24. Qf3 f5 25. Bd2 Rae8 26. Nf4 Kh7 27. Reb1 Bf6 28. Rf1 Bg5 29. g3 Bxf4 30. exf4 Qe6 31. Rfe1 Re2 32. Kf1 Re4 33. Qf2 Qc6 34. Re3 Qe6 35. Rae1 Na4 36. Ke2 Nb2 37. Rxe4 fxe4 38. Qe3 Qg4+ 39. Kf1 Qh3+ 40. Kg1 Rf8 41. Rb1 Nd3 42. Rb7+ Kg8 43. Rb5 Qf5 44. Kg2 g5 45. a3 gxf4 46. gxf4 Nxf4+ 47. Qxf4 Qxf4 48. Bxf4 Rxf4 49. Rxd5 Rf3 50. Re5 Rxc3 51. Rxe4 Rxa3 52. Re2 Rd3 53. Re6 Rxd4 54. Rxh6 c3 55. Rc6 Rd2+ 56. Kf3 Rxh2 57. Rc8+ Kf7 58. Rc7+ Ke6 59. Rxa7 Kd5 60. Ra4 c2 61. Ra8 c1=Q 62. Rd8+ Ke6 0-1